Vodcovská úloha top manažérov na Slovensku
Teoretické východiská vodcovstva a vedenie ľudí. Realizácia prieskumu a charakteristika výskumnej vzorky. Odporúčania pre teóriu a prax v oblasti vodcovstva. Prehľad silných a slabých stránok top manažérov na Slovensku.
Salvato in:
| Autore principale: | |
|---|---|
| Natura: | Capitolo di libro |
| Lingua: | slovacco |
| Soggetti: | |
| Tags: |
Nessun Tag, puoi essere il primo ad aggiungerne!!
|
MARC
| LEADER | 00000nla$a2200000$$$4500 | ||
|---|---|---|---|
| 001 | 0143084 | ||
| 005 | 20240502072551.0 | ||
| 041 | 0 | |a slo | |
| 044 | |a SK | ||
| 245 | 1 | 0 | |a Vodcovská úloha top manažérov na Slovensku |c Katarína Priečková |
| 520 | |a Teoretické východiská vodcovstva a vedenie ľudí. Realizácia prieskumu a charakteristika výskumnej vzorky. Odporúčania pre teóriu a prax v oblasti vodcovstva. Prehľad silných a slabých stránok top manažérov na Slovensku. | ||
| 610 | 2 | 0 | |a manažéri |
| 610 | 2 | 0 | |a lídri |
| 610 | 2 | 0 | |a vodcovstvo |
| 610 | 2 | 0 | |a vedenie ľudí |
| 610 | 2 | 0 | |a vedenie podniku |
| 610 | 2 | 0 | |a zodpovednosť |
| 610 | 2 | 0 | |a komunikácia |
| 610 | 2 | 0 | |a odbornosť |
| 610 | 2 | 0 | |a empatia |
| 610 | 2 | 0 | |a predvídanie |
| 610 | 2 | 0 | |a prieskum informačný |
| 100 | 1 | |a Priečková, Katarína, 1983- | |